[Event "AUTO-INT-1122"]
[Site "http://www.queenalice.com/game.php?id=501514"]
[Date "2008.12.2"]
[Round "1"]
[White "TORNADO"]
[Black "ivanperez"]
[Result "0-1"]
[WhiteElo "1671"]
[BlackElo "1631"]

1. e4 e5 2. Nf3 Nc6 3. Bb5 Qf6 4. Bxc6 dxc6 5. a3 Qg6 6. Nh4 Qxe4+ 7. Qe2 Qxh4
8. Qxe5+ Ne7 9. g3 Qh3 10. Qxc7 Qe6+ 11. Kd1 Qf6 12. Ke1 Nd5 13. Qa5 Bg4 14. Nc3
b6 15. Qa4 Nxc3 16. dxc3 Bf3 17. Rg1 Bc5 18. Qf4 Rd8 19. Bd2 Qe7+ 20. Be3 Bh5
21. g4 Bg6 22. Rc1 O-O 23. Rg3 Bd6 24. Qg5 f6 25. Qh4 Bxg3 26. Qxg3 c5 27. c4
Rfe8 28. Ke2 Qe5 29. f4 Qe4 30. b3 Rd7 31. f5 Qd4 32. fxg6 Qd2+ 33. Kf1 Rxe3 34.
gxh7+ Kxh7 35. Qh4+ Kg8 36. Re1 Rf3+ 0-1

[Event "AUTO-INT-1122"]
[Site "http://www.queenalice.com/game.php?id=501515"]
[Date "2008.12.2"]
[Round "1"]
[White "ivanperez"]
[Black "TORNADO"]
[Result "1-0"]
[WhiteElo "1608"]
[BlackElo "1719"]

1. e4 e5 2. Nc3 c6 3. Nf3 Bd6 4. Bc4 b5 5. Be2 h6 6. a3 Nf6 7. d3 O-O 8. Nh4 Be7
9. Nf5 d6 10. Bh5 Bxf5 11. g4 Nxh5 12. gxh5 Be6 13. Rg1 Bh4 14. Qf3 Kh7 15. Be3
g5 16. h3 Rg8 17. O-O-O c5 18. Nxb5 Qb6 19. Nc3 Nc6 20. Rg4 Nd4 21. Bxd4 Bxg4
22. hxg4 cxd4 23. Nd5 Qb7 24. Nf6+ Kh8 25. Qf5 Rg7 26. Nd5 Rf8 27. Qf6 Kh7 28.
Ne7 Kh8 29. Qxh6+ Rh7 30. Qxf8# 1-0

[Event "AUTO-INT-1122"]
[Site "http://www.queenalice.com/game.php?id=501524"]
[Date "2008.12.2"]
[Round "1"]
[White "ivanperez"]
[Black "gropillo"]
[Result "1-0"]
[WhiteElo "1624"]
[BlackElo "1350"]

1. e4 e6 2. Nc3 Qf6 3. d3 Nh6 4. h3 c6 5. Nf3 b5 6. Bd2 Na6 7. g3 b4 8. Na4 c5
9. Nh2 Bb7 10. a3 Bc6 11. b3 d6 12. Bg2 g5 13. h4 gxh4 14. Bxh6 Bxh6 15. Ng4 Qg5
16. Nxh6 Qxh6 17. Rxh4 Qf6 18. e5 Qxe5+ 19. Be4 h5 20. Qe2 f5 21. Bxc6+ Ke7 22.
Bxa8 Rxa8 23. Rxh5 Qxa1+ 24. Kd2 bxa3 25. Rh7+ Kf6 26. Rh6+ Kg7 27. Qh5 Kf8 28.
Rh7 Qf1 29. Qf7# 1-0

[Event "AUTO-INT-1122"]
[Site "http://www.queenalice.com/game.php?id=501525"]
[Date "2008.12.2"]
[Round "1"]
[White "gropillo"]
[Black "ivanperez"]
[Result "0-1"]
[WhiteElo "1367"]
[BlackElo "1628"]

1. e3 e5 2. Qf3 Nf6 3. g4 g5 4. Nh3 Rg8 5. Nc3 d6 6. e4 Bxg4 7. Qg3 h5 8. Nxg5
Rxg5 9. h4 Rg6 10. f3 Be6 11. Qh2 Nc6 12. d3 Nd4 13. b3 Nxf3+ 14. Kd1 Nxh2 15.
Rxh2 Rg1 16. Ke1 Ng4 17. Ne2 Nxh2 18. Nxg1 Qxh4+ 19. Kd2 Nxf1+ 20. Ke2 Ng3+ 21.
Kd2 Qh2+ 22. Kc3 Qxg1 23. Bb2 Qd4+ 24. Kd2 Bh6+ 25. Kd1 Qg1# 0-1

[Event "Let's Play Chess!"]
[Site "http://www.queenalice.com/game.php?id=505530"]
[Date "2008.12.10"]
[Round "-"]
[White "ivanperez"]
[Black "lafasouza"]
[Result "0-1"]
[WhiteElo "1621"]
[BlackElo "1691"]

1. e4 e5 2. Nf3 Nc6 3. c3 Nf6 4. Bd3 d6 5. g3 h6 6. b4 g5 7. Bc4 g4 8. Nh4 Nxe4
9. Qe2 Nf6 10. d3 d5 11. Bb3 Qe7 12. Nd2 d4 13. Nb1 dxc3 14. Nxc3 Qxb4 15. Qb2
Nd4 16. O-O Qe7 17. Be3 Nf3+ 18. Nxf3 gxf3 19. Bd5 Nxd5 20. Nxd5 Qd6 21. Qb3 Be6
22. Qb5+ Qc6 23. Nxc7+ Kd8 24. Nxe6+ Qxe6 25. Qxb7 Rc8 26. Qxa7 Qh3 27. Bb6+ Ke8
28. Rfe1 Qg2# 0-1

[Event "Let's Play Chess!"]
[Site "http://www.queenalice.com/game.php?id=505532"]
[Date "2008.12.10"]
[Round "-"]
[White "ivanperez"]
[Black "zemaria"]
[Result "1-0"]
[WhiteElo "1645"]
[BlackElo "1685"]

1. e4 e5 2. Nf3 Nc6 3. c3 Bc5 4. d3 d6 5. Nbd2 Nf6 6. Nc4 Ng4 7. Be3 Nxe3 8.
Nxe3 O-O 9. h4 a6 10. h5 h6 11. g4 Bxe3 12. fxe3 Bxg4 13. Bg2 Qf6 14. O-O Bxh5
15. Qe1 Qg6 16. Nh4 Qg5 17. Rf5 Qg4 18. Qf2 g6 19. Rf6 Qg5 20. Rf1 Nd8 21. d4 c6
22. Kh1 Qg4 23. Rg1 Qd7 24. Bf3 Bxf3+ 25. Qxf3 Ne6 26. Nf5 h5 27. Qxh5 Ng7 28.
Qh6 Nxf5 29. exf5 Rae8 30. fxg6 fxg6 31. Rgxg6+ 1-0

[Event "TecChess"]
[Site "http://www.queenalice.com/game.php?id=505918"]
[Date "2008.12.10"]
[Round "2"]
[White "ivanperez"]
[Black "eduardosouza"]
[Result "1-0"]
[WhiteElo "1629"]
[BlackElo "1092"]

1. e4 Nf6 2. Nc3 e5 3. Nf3 d6 4. g3 g6 5. d3 b6 6. Bg2 Nc6 7. O-O Ng4 8. Bg5 f6
9. Bd2 Ba6 10. h3 Nb4 11. hxg4 g5 12. a3 Qd7 13. Nh2 O-O-O 14. axb4 b5 15. Rxa6
Kb7 16. Qa1 Ra8 17. Qa5 h5 18. Nxb5 Bg7 19. Nxa7 hxg4 20. Ra1 Rhf8 21. Nb5 c6
22. Rb6+ Kc8 23. Qxa8# 1-0

[Event "AUTO-ADV-1141"]
[Site "http://www.queenalice.com/game.php?id=505980"]
[Date "2008.12.11"]
[Round "1"]
[White "ivanperez"]
[Black "Wecker"]
[Result "1-0"]
[WhiteElo "1681"]
[BlackElo "1668"]

1. e4 e6 2. d4 Nf6 3. Nc3 d5 4. f3 dxe4 5. fxe4 Bb4 6. Bd2 Bxc3 7. Bxc3 Nxe4 8.
Qe2 Qh4+ 9. g3 Nxg3 10. Nf3 Nxe2+ 11. Nxh4 Nxc3 12. bxc3 g5 13. Ng2 Nc6 14. Bb5
Bd7 15. Rb1 a6 16. Bd3 b5 17. a3 e5 18. d5 Ne7 19. Be4 Rb8 20. c4 Ng6 21. cxb5
Rxb5 22. O-O Ke7 23. a4 Rxb1 24. Rxb1 Bxa4 25. c4 Nf4 26. Rb7 Nxg2 27. Kxg2 Kd7
28. c5 Rf8 29. Ra7 Bb5 30. Bxh7 Kd8 31. Ra8+ Ke7 32. d6+ cxd6 33. cxd6+ 1-0

[Event "AUTO-ADV-1141"]
[Site "http://www.queenalice.com/game.php?id=505981"]
[Date "2008.12.11"]
[Round "1"]
[White "Wecker"]
[Black "ivanperez"]
[Result "1-0"]
[WhiteElo "1737"]
[BlackElo "1633"]

1. d4 d5 2. c4 Nf6 3. cxd5 Nxd5 4. e4 Nb6 5. Nf3 f6 6. e5 Nd5 7. Bc4 e6 8. Bxd5
exd5 9. O-O Qe7 10. Re1 Be6 11. exf6 gxf6 12. Nc3 Rg8 13. Nxd5 Qd6 14. Nxf6+ Kf7
15. Ng5+ Rxg5 16. Bxg5 Be7 17. Qh5+ Kf8 18. Bh6# 1-0

[Event "AUTO-ADV-1141"]
[Site "http://www.queenalice.com/game.php?id=505982"]
[Date "2008.12.11"]
[Round "1"]
[White "ivanperez"]
[Black "Hakkinen"]
[Result "0-1"]
[WhiteElo "1645"]
[BlackElo "1954"]

1. e4 e5 2. Nf3 Nc6 3. Nc3 Nf6 4. d3 Bb4 5. a3 Ba5 6. b4 Bb6 7. Be3 Bxe3 8. fxe3
d6 9. d4 O-O 10. Bc4 a6 11. O-O b5 12. Bb3 Bg4 13. d5 Ne7 14. Qe1 h6 15. Qg3 Qd7
16. h3 Bxf3 17. Qxf3 Nh7 18. Ne2 Ng5 19. Qg4 Qxg4 20. hxg4 Nxe4 21. Rad1 f5 22.
g5 Nxg5 23. Ng3 Rf7 24. c4 bxc4 25. Bxc4 Nc8 26. Nxf5 Nb6 27. Be2 Kh7 28. Bh5 g6
29. Bxg6+ Kxg6 30. Nh4+ Kh7 31. Nf3 Nxf3+ 32. Rxf3 Rxf3 33. gxf3 Nc4 34. e4 Nxa3
35. Kf2 Rb8 36. Rc1 Rb7 37. Rc6 Nb5 38. Rxa6 Nd4 39. Ke3 Rxb4 40. Kd3 Nxf3 41.
Ra7 Rb6 42. Rxc7+ Kg6 43. Rc6 Rb4 44. Rxd6+ Kg5 45. Ke3 Nh4 46. Re6 Ng6 47. Rc6
h5 48. d6 Rd4 49. Kf3 Nf4 50. Ke3 h4 51. Rc5 Kf6 52. Rc6 Ke6 53. Kf3 Rxd6 54.
Rxd6+ Kxd6 55. Kg4 h3 56. Kg3 Kc5 0-1

[Event "AUTO-ADV-1141"]
[Site "http://www.queenalice.com/game.php?id=505983"]
[Date "2008.12.11"]
[Round "1"]
[White "Hakkinen"]
[Black "ivanperez"]
[Result "1-0"]
[WhiteElo "1952"]
[BlackElo "1649"]

1. d4 d5 2. c4 e6 3. c5 Nc6 4. Nf3 b6 5. cxb6 cxb6 6. Bf4 Bd6 7. Bxd6 Qxd6 8.
Nc3 Nf6 9. e3 O-O 10. Bd3 a6 11. O-O h6 12. h3 Re8 13. Na4 Rb8 14. Rc1 Bd7 15.
Bxa6 e5 16. Be2 e4 17. Nd2 h5 18. Bxh5 Nxh5 19. Qxh5 Ne5 20. Nxb6 Rxb6 21. dxe5
Rxe5 22. Qh4 Qg6 23. b3 Rh5 24. Qd8+ Kh7 25. Qxd7 Rd6 26. Qg4 Rg5 27. Qh4+ Rh5
28. Qg3 Rf6 29. Qxg6+ Rxg6 30. Kh2 Rgh6 31. Rc7 f6 32. b4 Kg6 33. b5 Rh8 34. b6
Rb8 35. Rb1 f5 36. a4 Rhh8 37. a5 Rhf8 38. a6 Kf6 39. b7 Ke6 40. a7 Kd6 41. Rxg7
Kc6 42. axb8=Q Rxb8 43. h4 1-0

[Event "AUTO-ADV-1141"]
[Site "http://www.queenalice.com/game.php?id=505984"]
[Date "2008.12.11"]
[Round "1"]
[White "ivanperez"]
[Black "Bernobr"]
[Result "0-1"]
[WhiteElo "1629"]
[BlackElo "1907"]

1. e4 c5 2. Bc4 Nc6 3. c3 d6 4. d3 a6 5. Nf3 Na5 6. Na3 Nxc4 7. dxc4 Bg4 8. b4
Nf6 9. b5 Nxe4 10. Qd3 Nf6 11. h3 Be6 12. Rb1 g6 13. Bg5 Bg7 14. Bxf6 Bxf6 15.
h4 Bf5 16. Qe3 Bxb1 17. Nxb1 O-O 18. Ng5 Qa5 19. Qe2 Bxc3+ 20. Nxc3 Qxc3+ 21.
Kd1 Qa1+ 22. Kd2 Qxh1 23. Qxe7 Rae8 24. Qf6 Qe1+ 25. Kd3 Re2 0-1

[Event "AUTO-ADV-1141"]
[Site "http://www.queenalice.com/game.php?id=505985"]
[Date "2008.12.11"]
[Round "1"]
[White "Bernobr"]
[Black "ivanperez"]
[Result "1-0"]
[WhiteElo "1902"]
[BlackElo "1634"]

1. e4 e5 2. Nc3 d6 3. g3 Nc6 4. Bg2 Nh6 5. Nge2 Bg4 6. h3 Bxe2 7. Nxe2 b6 8. O-O
Qe7 9. d3 f6 10. f4 g5 11. f5 g4 12. h4 Qf7 13. Nc3 Nd4 14. Nd5 c6 15. Nb4 d5
16. c3 Rd8 17. Nxd5 cxd5 18. cxd4 dxe4 19. Bxe4 exd4 20. Bc6+ Ke7 21. Re1+ Kd6
22. Re6+ Kc7 23. Bf4+ Bd6 24. Qc1 Rhe8 25. Bxe8+ Kb8 26. Bxd6+ Kb7 27. Qc6+ 1-0

[Event "anax-2"]
[Site "http://www.queenalice.com/game.php?id=529485"]
[Date "2009.1.25"]
[Round "1"]
[White "ivanperez"]
[Black "glennedy"]
[Result "0-1"]
[WhiteElo "1696"]
[BlackElo "1863"]

1. e4 e5 2. Nf3 d6 3. Nc3 Nf6 4. d3 Be7 5. Bg5 O-O 6. Nd5 Bg4 7. h3 Bh5 8. g4
Bg6 9. Nh4 Nc6 10. c3 h6 11. Be3 Bh7 12. Qf3 Nxe4 13. Nf5 Bxf5 14. gxf5 Ng5 15.
Qh5 e4 16. O-O-O Ne5 17. Be2 exd3 18. Bxd3 Ngf3 19. Be2 Nh4 20. f6 Bxf6 21. Rdg1
Nhg6 22. Bxh6 gxh6 23. Bc4 Kg7 24. Nf4 Bg5 25. Rg2 Bxf4+ 26. Kc2 Nxc4 27. Rhg1
Qf6 28. Rg4 Rae8 29. Rh4 Kh7 30. Rg3 Nxh4 0-1

[Event "Let's Play Chess!"]
[Site "http://www.queenalice.com/game.php?id=536260"]
[Date "2009.2.7"]
[Round "-"]
[White "genethetrucker"]
[Black "ivanperez"]
[Result "1-0"]
[WhiteElo "1453"]
[BlackElo "1641"]

1. d4 d5 2. c4 e6 3. e3 Bd7 4. Nf3 a6 5. Bd3 Qf6 6. Nc3 c6 7. Bd2 Nh6 8. O-O Nf5
9. Re1 Nh4 10. c5 h5 11. Rc1 g5 12. Na4 Nxg2 13. Kxg2 h4 14. Nb6 Ra7 15. Ne5 Bg7
16. h3 a5 17. Qc2 Na6 18. Nbxd7 Qe7 19. Bxa5 Bxe5 20. dxe5 Qxd7 21. f4 gxf4 22.
exf4 f5 23. Kh2 Qe7 24. a3 Nxc5 25. Bb4 Ne4 26. Bxe7 Kxe7 27. Bxe4 fxe4 28. Qc5+
1-0

[Event "AUTO-INT-1077"]
[Site "http://www.queenalice.com/game.php?id=541901"]
[Date "2009.2.17"]
[Round "2"]
[White "Tsol"]
[Black "ivanperez"]
[Result "1-0"]
[WhiteElo "2161"]
[BlackElo "1687"]

1. e4 e5 2. Nf3 Nc6 3. d4 f6 4. d5 Nce7 5. Nc3 d6 6. h3 f5 7. Bg5 h6 8. Bxe7
Nxe7 9. Qd3 a6 10. O-O-O b5 11. a3 Rb8 12. Be2 Qd7 13. Nh4 b4 14. axb4 Rxb4 15.
Bh5+ g6 16. Nxg6 Rg8 17. Nxe5+ Kd8 18. Nxd7 Kxd7 19. Bf7 Rxg2 20. Be6+ Ke8 21.
Qf3 Rg5 22. Rdg1 1-0

[Event "AUTO-INT-1077"]
[Site "http://www.queenalice.com/game.php?id=541902"]
[Date "2009.2.17"]
[Round "2"]
[White "ivanperez"]
[Black "Tsol"]
[Result "0-1"]
[WhiteElo "1653"]
[BlackElo "2162"]

1. e4 e5 2. Nf3 Nc6 3. c3 d5 4. Bb5 dxe4 5. Nxe5 Qd5 6. Qh5 g6 7. Qg5 f6 8.
Bxc6+ bxc6 9. c4 Qxe5 10. Qxe5+ fxe5 11. O-O Nf6 12. Nc3 Bb4 13. Re1 Bxc3 14.
bxc3 O-O 15. Ba3 Re8 16. h3 Be6 17. c5 Red8 18. Red1 Rd7 19. d3 exd3 20. Bc1 Rb8
21. Bh6 Rb2 22. g4 d2 23. Kf1 Bc4+ 24. Kg2 Be2 25. Re1 dxe1=Q 26. Rxe1 Rxa2 0-1

[Event "AUTO-INT-1077"]
[Site "http://www.queenalice.com/game.php?id=541903"]
[Date "2009.2.17"]
[Round "2"]
[White "demonsword"]
[Black "ivanperez"]
[Result "1-0"]
[WhiteElo "1610"]
[BlackElo "1671"]

1. d4 d5 2. f3 e6 3. e4 Nf6 4. e5 Nfd7 5. f4 c5 6. Be3 Qb6 7. dxc5 Bxc5 8. Bxc5
Nxc5 9. Nf3 Qxb2 10. Nbd2 Qc3 11. Bb5+ Bd7 12. Qb1 Nc6 13. a4 a6 14. Bd3 O-O 15.
O-O Nb4 16. Nb3 b5 17. a5 Nxb3 18. cxb3 Nxd3 19. Rd1 Nxf4 20. Ra2 Qe3+ 21. Rf2
Ne2+ 22. Kf1 b4 23. Rxe2 Bb5 24. Rd2 Bxe2+ 25. Rxe2 Qc5 26. Ng5 1-0

[Event "AUTO-INT-1077"]
[Site "http://www.queenalice.com/game.php?id=541904"]
[Date "2009.2.17"]
[Round "2"]
[White "ivanperez"]
[Black "demonsword"]
[Result "0-1"]
[WhiteElo "1651"]
[BlackElo "1603"]

1. e4 e5 2. Nf3 d5 3. Nxe5 dxe4 4. Nc3 Bd6 5. Nxf7 Kxf7 6. Nxe4 Nf6 7. d3 h6 8.
h3 c5 9. f4 Re8 10. Be2 Nxe4 11. O-O Ng3 12. Rf2 Rxe2 13. Rxe2 Nxe2+ 14. Qxe2
Qf6 15. g4 Qd4+ 16. Kg2 Bxf4 17. Qf3 g5 18. c3 Qf6 19. Qd5+ Kg7 20. Qxc5 Nd7 21.
Qf2 Ne5 22. Qd4 b6 23. c4 Bb7+ 24. Kg1 Rf8 25. Bxf4 gxf4 26. Rf1 f3 27. Qe3 a5
28. d4 Nxc4 0-1

[Event "AUTO-INT-1122"]
[Site "http://www.queenalice.com/game.php?id=552504"]
[Date "2009.3.8"]
[Round "2"]
[White "tinogomes"]
[Black "ivanperez"]
[Result "0-1"]
[WhiteElo "1566"]
[BlackElo "1632"]

1. e4 e5 2. Nf3 Nc6 3. d3 Nd4 4. Nxe5 d6 5. Nxf7 Kxf7 6. Qh5+ g6 7. Qd5+ Ne6 8.
e5 c6 9. Qf3+ Ke8 10. exd6 Bxd6 11. Qe4 Nf6 12. Bg5 Nxe4 13. Bxd8 Nxf2 14. Bf6
Rf8 15. Kxf2 Rxf6+ 16. Ke1 Nd4 17. Kd2 Rf2+ 18. Ke3 Rf4 19. g3 Nxc2+ 20. Kd2
Rf2+ 21. Be2 Nxa1 22. Re1 Bb4+ 23. Nc3 Bg4 24. Rf1 Rxe2+ 25. Kd1 Rf2+ 26. Ke1
Bxc3+ 27. Kxf2 Bxb2 28. Re1+ Kd7 29. Re4 Rf8+ 30. Rf4 Rxf4+ 31. gxf4 Nc2 32. Kg3
Ne3 33. h3 Be6 34. Kh4 Bf6+ 35. Kg3 a5 36. Kf3 Nf5 37. Ke4 Bd5# 0-1

[Event "AUTO-INT-1122"]
[Site "http://www.queenalice.com/game.php?id=552505"]
[Date "2009.3.8"]
[Round "2"]
[White "ivanperez"]
[Black "tinogomes"]
[Result "1-0"]
[WhiteElo "1617"]
[BlackElo "1585"]

1. e4 e5 2. Nf3 Bc5 3. d4 exd4 4. Nxd4 Qf6 5. Be3 Nc6 6. c3 Nxd4 7. cxd4 Bb4+ 8.
Nc3 Ne7 9. a3 Bxc3+ 10. bxc3 Qc6 11. Qd3 Qa4 12. d5 b6 13. Qd4 Qc2 14. Bd3 c5
15. Bxc2 d6 16. Qxg7 Ng6 17. Qf6 Rg8 18. Bg5 Ba6 19. e5 Bc4 20. Bxg6 hxg6 21.
Qe7# 1-0

[Event "AUTO-INT-1122"]
[Site "http://www.queenalice.com/game.php?id=552508"]
[Date "2009.3.8"]
[Round "2"]
[White "ivanperez"]
[Black "jalhallib"]
[Result "0-1"]
[WhiteElo "1685"]
[BlackElo "1740"]

1. e4 e5 2. Nf3 d6 3. Nc3 Nf6 4. d3 h6 5. h3 Nc6 6. a3 d5 7. exd5 Nxd5 8. Nxd5
Qxd5 9. c4 Qe6 10. Be3 Be7 11. c5 O-O 12. h4 Nd4 13. Nxd4 exd4 14. Qe2 dxe3 15.
Qxe3 Qxe3+ 16. fxe3 Bxc5 17. e4 Be6 18. b4 Bd4 19. Rd1 Bc3+ 20. Kf2 Bd4+ 21. Kf3
h5 22. a4 Bg4+ 23. Kf4 Bxd1 24. a5 Bg4 25. g3 Bc3 26. Bh3 Bxh3 27. Rxh3 Bxb4 28.
g4 hxg4 29. Kxg4 Bxa5 30. Rf3 Bd2 31. Rf5 Bh6 32. Rd5 Rfd8 0-1

[Event "AUTO-INT-1122"]
[Site "http://www.queenalice.com/game.php?id=552509"]
[Date "2009.3.8"]
[Round "2"]
[White "jalhallib"]
[Black "ivanperez"]
[Result "0-1"]
[WhiteElo "1712"]
[BlackElo "1663"]

1. e4 e5 2. Nf3 Nc6 3. d4 d6 4. d5 Nb4 5. a3 Na6 6. Bxa6 bxa6 7. Nc3 Nf6 8. h3
Be7 9. O-O h5 10. Be3 Ng4 11. hxg4 Bxg4 12. Qe2 h4 13. Kh2 Qd7 14. Rh1 f5 15.
Kg1 f4 16. Bd2 h3 17. g3 Bg5 18. Qd3 Rb8 19. Nxg5 Rxb2 20. Kh2 O-O 21. Rab1
fxg3+ 22. Kxg3 Rxc2 23. Qxc2 Bh5 24. Rxh3 Qg4+ 25. Kh2 Rxf2+ 0-1